00832nam a2200217Ia 4500008004100000020002200041050002200063100002200085130003700107240003700144245007000181250001200251260003200263300001100295500003800306630004300344650005600387700004000443952011400483999001700597121028s9999 xx 000 0 und d a978-84-8174-926-7 aRB113 G891 2006 aGuyton, Arthur C. aTratado de fisiología médica aTratado de fisiología médica aTratado de fisiología médica / Arthur C. Guyton, John E. Hall a11a ed. aEspaña : Madrid :Elsevier a1115 p aIncluye bibliografía e índice aTextbook of medical physiology 11a ed. aFisiología patológica Anatomía humana  aHall, John Edward, 1946-, coaut.Ì 00104070a14b14d2010-09-15l5m1oRB113 G891 2006p14 003127r2018-07-23s2018-07-23t1w2012-10-28yLB c85542d85542